000 00435nam a2200169Ia 4500
003 GCL
008 140319s9999 xx 000 0 ara d
040 _aGCL /
_cGCL
082 0 4 _a812.008
_bا ا
100 1 _aالفريد فرج
245 1 0 _aالزير سالم /
_cالفريد فرج
300 _a127 ص
490 _a
650 0 4 _aالمسرح العربى
650 0 4 _aالمسرحيات العربية
942 _2ddc
_cBK
999 _c40335
_d40335